[Event "DEM U14 2016"]
[Site "Willingen GER"]
[Date "2016.05.20"]
[Round "8"]
[White "Lange, Jannis"]
[Black "Engel, Robert"]
[Result "1/2-1/2"]
[Termination "normal"]
[Board "17"]
[WhiteElo "1768"]
[BlackElo "1757"]
[PlyCount "41"]
[WhiteFideId "12993107"]
[BlackFideId "12974684"]
[EventCountry "GER"]
[EventRounds "9"]
[EventType "swiss"]
[EventDate "2016.05.14"]

1. e4 c5 2. f4 d5 3. exd5 Nf6 4. Bb5+ Nbd7 5. c4 a6 6. Bxd7+ Bxd7 7. Nf3 e6 8.
dxe6 Bxe6 9. Qe2 Be7 10. O-O O-O 11. Ne5 Nd7 12. d3 Bf6 13. Nd2 Nxe5 14. fxe5
Qd4+ 15. Kh1 Qxe5 16. Ne4 Be7 17. Bf4 Qd4 18. Be3 Qe5 19. Bf4 Qd4 20. Be3 Qe5
21. Bf4 1/2-1/2

[Event "DEM U14 2016"]
[Site "Willingen GER"]
[Date "2016.05.20"]
[Round "8"]
[White "Lesny, Florian"]
[Black "Yankelevich, Michael"]
[Result "1/2-1/2"]
[Termination "normal"]
[Board "18"]
[WhiteElo "1865"]
[BlackElo "1960"]
[PlyCount "31"]
[WhiteFideId "12973874"]
[BlackFideId "12921440"]
[EventCountry "GER"]
[EventRounds "9"]
[EventType "swiss"]
[EventDate "2016.05.14"]

1. e4 c5 2. Nf3 e6 3. d4 cxd4 4. Nxd4 Nf6 5. Nc3 d6 6. Be3 a6 7. g4 b5 8. g5
Nfd7 9. f4 Bb7 10. Bg2 b4 11. Na4 Nc5 12. Nxc5 dxc5 13. Ne2 Nc6 14. Qxd8+ Rxd8
15. Rd1 Rxd1+ 16. Kxd1 1/2-1/2

[Event "DEM U14 2016"]
[Site "Willingen GER"]
[Date "2016.05.20"]
[Round "8"]
[White "Pysarenko, Kyrill"]
[Black "Rockmann, Jan-Okke"]
[Result "0-1"]
[Termination "normal"]
[Board "19"]
[WhiteElo "1718"]
[BlackElo "1885"]
[PlyCount "74"]
[WhiteFideId "12974250"]
[BlackFideId "12942111"]
[EventCountry "GER"]
[EventRounds "9"]
[EventType "swiss"]
[EventDate "2016.05.14"]

1. e4 e5 2. Nf3 Nc6 3. Bb5 a6 4. Ba4 Nf6 5. O-O Be7 6. Re1 b5 7. Bb3 O-O 8. h3
Bb7 9. d3 d6 10. a3 Na5 11. Ba2 c5 12. Nc3 b4 13. Ne2 b3 14. cxb3 Nc6 15. Nc3
a5 16. Bg5 Ne8 17. Qc1 Nd4 18. Bxe7 Nxf3+ 19. gxf3 Qxe7 20. f4 Kh8 21. fxe5
dxe5 22. Qe3 f5 23. f3 f4 24. Qf2 Ra6 25. Kf1 Rh6 26. Ke2 Rxh3 27. Rh1 Rxh1 28.
Rxh1 Nf6 29. Na4 Nd7 30. Rc1 Rc8 31. Qe1 Nf8 32. Qxa5 Ne6 33. Rh1 Qg5 34. Qe1
Qg2+ 35. Kd1 Qxf3+ 36. Kc1 Qxd3 37. Qh4 Bxe4 0-1

[Event "DEM U14 2016"]
[Site "Willingen GER"]
[Date "2016.05.20"]
[Round "8"]
[White "Lindow, Max"]
[Black "Roth, Jakob"]
[Result "1/2-1/2"]
[Termination "normal"]
[Board "20"]
[WhiteElo "1472"]
[BlackElo "1847"]
[PlyCount "81"]
[WhiteFideId "16211057"]
[BlackFideId "12952605"]
[EventCountry "GER"]
[EventRounds "9"]
[EventType "swiss"]
[EventDate "2016.05.14"]

1. e4 e6 2. d4 d5 3. Nc3 Nf6 4. Bg5 Be7 5. e5 Nfd7 6. Bxe7 Qxe7 7. Nb5 Nb6 8.
c3 a6 9. Na3 c5 10. Nc2 Nc6 11. f4 Bd7 12. Nf3 cxd4 13. cxd4 Rc8 14. Bd3 Nb4
15. Nxb4 Qxb4+ 16. Qd2 Qxd2+ 17. Nxd2 Bb5 18. Ke2 Kd7 19. b3 Rc3 20. Bxb5+ axb5
21. Rhc1 Rxc1 22. Rxc1 Ra8 23. Rc2 Nc8 24. Nf3 Na7 25. Kd3 Nc6 26. Kc3 h6 27.
g3 b4+ 28. Kd3 Na7 29. Ng1 Nb5 30. Ne2 b6 31. Ke3 Na3 32. Rc1 g5 33. g4 Nb5 34.
Rc2 gxf4+ 35. Kxf4 Nc3 36. Nc1 Ke7 37. h4 Rc8 38. Kf3 Ra8 39. g5 hxg5 40. hxg5
Ne4 41. Nd3 1/2-1/2

[Event "DEM U14 2016"]
[Site "Willingen GER"]
[Date "2016.05.20"]
[Round "8"]
[White "Bajorski, Marius"]
[Black "Recktenwald, Cedric"]
[Result "0-1"]
[Termination "normal"]
[Board "21"]
[WhiteElo "1793"]
[BlackElo "1563"]
[PlyCount "62"]
[WhiteFideId "12938831"]
[BlackFideId "12971928"]
[EventCountry "GER"]
[EventRounds "9"]
[EventType "swiss"]
[EventDate "2016.05.14"]

1. e4 e6 2. d4 d5 3. Nc3 Bb4 4. e5 c5 5. Qg4 Ne7 6. dxc5 Nbc6 7. Qxg7 Rg8 8.
Qxh7 d4 9. a3 Qa5 10. Rb1 dxc3 11. Be3 cxb2+ 12. axb4 Qxb4+ 13. Bd2 Qxc5 14. f4
Bd7 15. Rxb2 Nxe5 16. Qe4 Ng4 17. Qe2 Nd5 18. Nf3 Nc3 19. Be3 Qxe3 20. Qxe3
Nxe3 21. g3 Bc6 22. Be2 a5 23. Kd2 Nxe2 24. Kxe3 Nc3 25. Kf2 Ke7 26. Rb3 Ne4+
27. Ke3 Rgd8 28. Ne5 Bd5 29. c4 Nc5 30. Rb5 Bxh1 31. Rxc5 Rdc8 0-1

[Event "DEM U14 2016"]
[Site "Willingen GER"]
[Date "2016.05.20"]
[Round "8"]
[White "Biermann, Lenhard"]
[Black "Gutschenreiter, Donato"]
[Result "1-0"]
[Termination "normal"]
[Board "22"]
[WhiteElo "1711"]
[BlackElo "1870"]
[PlyCount "89"]
[WhiteFideId "12970077"]
[BlackFideId "12975540"]
[EventCountry "GER"]
[EventRounds "9"]
[EventType "swiss"]
[EventDate "2016.05.14"]

1. d4 d5 2. c4 c6 3. Nf3 Nf6 4. g3 Bf5 5. Bg2 Nbd7 6. O-O h6 7. Nc3 e6 8. b3
Bd6 9. Bb2 O-O 10. Nd2 Re8 11. Rc1 a5 12. Re1 Bg6 13. e4 dxe4 14. Ndxe4 Nxe4
15. Nxe4 Bb4 16. Re3 Be7 17. d5 exd5 18. cxd5 Bxe4 19. Rxe4 cxd5 20. Qxd5 Nc5
21. Rxc5 Bxc5 22. Rxe8+ Qxe8 23. Qxc5 Qe1+ 24. Bf1 Qd2 25. Qe5 f6 26. Bc4+ Kh8
27. Qc3 Rd8 28. a4 Qd1+ 29. Kg2 Qh5 30. Qf3 Qc5 31. Qxb7 Qd6 32. Qf3 Qb8 33.
Bc3 Qa7 34. h4 Qc5 35. Bb2 Rb8 36. Bc1 Qf8 37. Qe4 Re8 38. Qf5 Re5 39. Qf3 Qd8
40. Bf4 Rc5 41. Qe4 Rc8 42. Qf5 Ra8 43. Bd3 Qg8 44. Bxh6 Rb8 45. Bf4 1-0

[Event "DEM U14 2016"]
[Site "Willingen GER"]
[Date "2016.05.20"]
[Round "8"]
[White "Rauch, Arwid"]
[Black "Righi, Sofian"]
[Result "0-1"]
[Termination "normal"]
[Board "23"]
[WhiteElo "1560"]
[BlackElo "1734"]
[PlyCount "80"]
[WhiteFideId "16215923"]
[BlackFideId "12987581"]
[EventCountry "GER"]
[EventRounds "9"]
[EventType "swiss"]
[EventDate "2016.05.14"]

1. e4 c5 2. Nf3 d6 3. d4 cxd4 4. Nxd4 Nf6 5. Nc3 g6 6. Be3 Bg7 7. f3 O-O 8. Qd2
Nc6 9. O-O-O Nxd4 10. Bxd4 Be6 11. Kb1 Qc7 12. g4 Rfc8 13. h4 Qa5 14. Qg5 Qxg5
15. hxg5 Nd7 16. Bxg7 Kxg7 17. Nd5 Bxd5 18. exd5 Rc5 19. Bg2 Rac8 20. c3 b5 21.
Rhe1 Kf8 22. Re4 Nb6 23. Red4 Nc4 24. Re1 a5 25. Bf1 Ne5 26. Re3 b4 27. Kc2 Nd7
28. a3 Nb6 29. axb4 axb4 30. Ba6 Ra8 31. Bb7 Rb8 32. Bc6 Nc4 33. Re2 bxc3 34.
bxc3 Na3+ 35. Kd3 Rb3 36. Ke4 Rcxc3 37. Ra4 Nc4 38. Ra8+ Kg7 39. Re8 Ne5 40.
Rxe7 Rc4# 0-1

[Event "DEM U14 2016"]
[Site "Willingen GER"]
[Date "2016.05.21"]
[Round "9"]
[White "Engel, Luis"]
[Black "Färber, David"]
[Result "1-0"]
[Termination "normal"]
[Board "1"]
[WhiteElo "2223"]
[BlackElo "2117"]
[WhiteClock "00:31:17"]
[BlackClock "00:20:07"]
[PlyCount "101"]
[WhiteFideId "12961523"]
[BlackFideId "12971294"]
[EventCountry "GER"]
[EventRounds "9"]
[EventType "swiss"]
[EventDate "2016.05.14"]

1. e4 c6 2. Nc3 d5 3. Qe2 d4 4. Nd1 e5 5. d3 c5 6. g3 Nc6 7. Bg2 Bd6 8. f4 Nge7
9. Nf3 f6 10. f5 Bd7 11. O-O Qc7 12. Nf2 O-O-O 13. g4 h6 14. h4 Rdf8 15. h5 Be8
16. Nh4 Bf7 17. Ng6 Nxg6 18. hxg6 Be8 19. Nh1 Nd8 20. Bd2 Kb8 21. Ng3 Bb5 22.
b3 Ba6 23. Bf3 b5 24. a4 b4 25. Kg2 Rfg8 26. Rh1 Re8 27. Rh3 Rhg8 28. Nh5 Be7
29. Rah1 Qd6 30. Nxg7 Rxg7 31. Rxh6 Reg8 32. R6h5 Ne6 33. fxe6 Rxg6 34. g5 Bc8
35. Bg4 Bxe6 36. Bf5 R6g7 37. Qg4 Bxf5 38. Qxf5 fxg5 39. Rh6 Rg6 40. Rxg6 Rxg6
41. Rh8+ Kb7 42. Qc8+ Kb6 43. a5+ Kxa5 44. Qb7 Bd8 45. Qxa7+ Kb5 46. Rh7 Qa6
47. Qd7+ Rc6 48. Qxd8 g4 49. Qb8+ Rb6 50. Qe8+ Rc6 51. Rh6 1-0

[Event "DEM U14 2016"]
[Site "Willingen GER"]
[Date "2016.05.21"]
[Round "9"]
[White "Wong, Gengchun"]
[Black "Zimmer, Raphael"]
[Result "0-1"]
[Termination "normal"]
[Board "2"]
[WhiteElo "2077"]
[BlackElo "2091"]
[WhiteClock "00:01:12"]
[BlackClock "00:16:49"]
[PlyCount "96"]
[WhiteFideId "12963283"]
[BlackFideId "12978841"]
[EventCountry "GER"]
[EventRounds "9"]
[EventType "swiss"]
[EventDate "2016.05.14"]

1. e4 e5 2. Nf3 Nc6 3. Bb5 a6 4. Bxc6 dxc6 5. O-O Qd6 6. d4 exd4 7. Nxd4 Bd7 8.
Be3 O-O-O 9. Nd2 Qg6 10. Qf3 Nf6 11. c3 Re8 12. Rfe1 Nxe4 13. Nxe4 Rxe4 14. Bf4
Rxe1+ 15. Rxe1 Bc5 16. Nb3 Bb6 17. c4 Be6 18. c5 Ba7 19. Qc3 Rd8 20. Qe5 Bb8
21. Bg3 Rd5 22. Qc3 Ba7 23. h3 Qg5 24. Rc1 h5 25. Qa5 Qe7 26. Qb4 Qg5 27. Bf4
Qe7 28. Na5 Bb6 29. Nb3 Rf5 30. Be3 Bd5 31. Qd4 Ba7 32. Qxg7 Qe4 33. Nd2 Qe6
34. Bg5 Qe8 35. Nf1 Re5 36. Bf4 Re6 37. Qc3 Rg6 38. Ne3 Qe4 39. Bg3 b6 40. Qh8+
Kb7 41. Nxd5 Qxd5 42. b3 a5 43. Qe5 Qxe5 44. Bxe5 Re6 45. Bd4 Re2 46. a4 b5 47.
h4 Re4 48. Bf6 Rb4 0-1

[Event "DEM U14 2016"]
[Site "Willingen GER"]
[Date "2016.05.21"]
[Round "9"]
[White "Roseneck, Jonas"]
[Black "Biastoch, Bennet"]
[Result "1/2-1/2"]
[Termination "normal"]
[Board "3"]
[WhiteElo "2011"]
[BlackElo "2105"]
[WhiteClock "00:08:11"]
[BlackClock "00:17:44"]
[PlyCount "53"]
[WhiteFideId "12939870"]
[BlackFideId "12939889"]
[EventCountry "GER"]
[EventRounds "9"]
[EventType "swiss"]
[EventDate "2016.05.14"]

1. e4 c5 2. Nf3 Nc6 3. d4 cxd4 4. Nxd4 Qb6 5. Nb3 Nf6 6. Nc3 e6 7. Be3 Qc7 8.
Bd3 a6 9. a4 Bb4 10. Bd2 O-O 11. O-O d6 12. Kh1 d5 13. exd5 exd5 14. h3 Bd6 15.
Bg5 Be5 16. Bxf6 Bxf6 17. Nxd5 Qd8 18. Nxf6+ Qxf6 19. c3 Rd8 20. Qc2 Qh6 21.
Bf5 Rd5 22. Bxc8 Rxc8 23. Rad1 Rh5 24. Qd3 g6 25. Qd7 Rf8 26. f4 Rh4 27. Qxb7
1/2-1/2

[Event "DEM U14 2016"]
[Site "Willingen GER"]
[Date "2016.05.21"]
[Round "9"]
[White "Schmider, Niklas"]
[Black "Suvorov, Alexander"]
[Result "0-1"]
[Termination "normal"]
[Board "4"]
[WhiteElo "2023"]
[BlackElo "2086"]
[WhiteClock "00:21:41"]
[BlackClock "00:26:20"]
[PlyCount "82"]
[WhiteFideId "12993778"]
[BlackFideId "12977063"]
[EventCountry "GER"]
[EventRounds "9"]
[EventType "swiss"]
[EventDate "2016.05.14"]

1. e4 c5 2. Nc3 Nc6 3. g3 g6 4. Bg2 Bg7 5. d3 d6 6. Nge2 e6 7. Be3 Nd4 8. O-O
Ne7 9. Qd2 O-O 10. Nc1 Rb8 11. Nd1 b5 12. c3 Ndc6 13. Bh6 e5 14. Bxg7 Kxg7 15.
Ne3 f6 16. f4 Bd7 17. f5 g5 18. Bf3 Be8 19. h4 h6 20. Qh2 Rh8 21. Kf2 Bf7 22.
Ne2 Qb6 23. Rh1 c4 24. Rad1 d5 25. d4 dxe4 26. Bxe4 Rbd8 27. dxe5 Nxe5 28. Nd4
b4 29. Rd2 N7c6 30. Bxc6 Nxc6 31. Rhd1 bxc3 32. bxc3 Nxd4 33. Rxd4 Rxd4 34.
cxd4 Re8 35. Kf3 Qd6 36. hxg5 fxg5 37. Rd2 c3 38. Rd3 Bd5+ 39. Kf2 Qc6 40. f6+
Qxf6+ 41. Kg1 Bc4 0-1

[Event "DEM U14 2016"]
[Site "Willingen GER"]
[Date "2016.05.21"]
[Round "9"]
[White "Mantel, Ruben"]
[Black "Kopylov, Daniel"]
[Result "0-1"]
[Termination "normal"]
[Board "5"]
[WhiteElo "1925"]
[BlackElo "2098"]
[WhiteClock "00:08:08"]
[BlackClock "00:03:07"]
[PlyCount "78"]
[WhiteFideId "12930121"]
[BlackFideId "12921971"]
[EventCountry "GER"]
[EventRounds "9"]
[EventType "swiss"]
[EventDate "2016.05.14"]

1. e4 c5 2. Nc3 Nc6 3. d3 d6 4. g3 g6 5. Bg2 Bg7 6. Be3 Rb8 7. Qd2 b5 8. f4 b4
9. Nd1 a5 10. Nf3 Nd4 11. O-O Bg4 12. Qf2 Nxf3+ 13. Bxf3 Bh3 14. Bg2 Qc8 15. f5
Bxg2 16. Qxg2 Nf6 17. Qh3 h5 18. Qg2 Ng4 19. Bg5 Bd4+ 20. Kh1 f6 21. Bd2 h4 22.
Qh3 Nh6 23. g4 g5 24. Rb1 c4 25. Be3 cxd3 26. cxd3 Qc2 27. Nf2 Bxb2 28. Qf3 O-O
29. d4 Bc3 30. e5 dxe5 31. Qd5+ Nf7 32. Ne4 exd4 33. Bxg5 fxg5 34. Qe6 Rb6 35.
Qxe7 h3 36. Rg1 d3 37. Rbc1 Qe2 38. Rcf1 Be5 39. Nf2 Qf3+ 0-1

[Event "DEM U14 2016"]
[Site "Willingen GER"]
[Date "2016.05.21"]
[Round "9"]
[White "Oganessjan, Artur"]
[Black "Baltic, Fatih"]
[Result "1/2-1/2"]
[Termination "normal"]
[Board "6"]
[WhiteElo "1990"]
[BlackElo "2163"]
[WhiteClock "00:34:44"]
[BlackClock "00:14:51"]
[PlyCount "100"]
[WhiteFideId "12986062"]
[BlackFideId "12979090"]
[EventCountry "GER"]
[EventRounds "9"]
[EventType "swiss"]
[EventDate "2016.05.14"]

1. e4 c5 2. Ne2 d6 3. g3 Nc6 4. Bg2 Bg4 5. c3 Ne5 6. O-O Qd7 7. f3 Bh3 8. d4
Bxg2 9. Kxg2 cxd4 10. cxd4 Nc4 11. b3 Nb6 12. Nbc3 g6 13. Be3 Bg7 14. Qd2 e6
15. Rac1 Ne7 16. a4 d5 17. Nb5 Nc6 18. e5 Nc8 19. h4 a6 20. Nbc3 h5 21. Ra1 Na5
22. Rfb1 Ne7 23. Nf4 Nec6 24. Nd3 b6 25. Ne2 Bf8 26. Ra2 Be7 27. Rc2 Kf8 28.
Bh6+ Ke8 29. Qf4 Qd8 30. g4 Bf8 31. Bg5 Be7 32. Bxe7 Qxe7 33. g5 Kd7 34. Rbc1
Rac8 35. Rc3 Rhf8 36. Qd2 Na7 37. Rxc8 Rxc8 38. Nc5+ Kd8 39. Nxa6 Nxb3 40.
Rxc8+ Kxc8 41. Qc3+ Kb7 42. Qxb3 Kxa6 43. Nc3 Qc7 44. Kf2 Qc6 45. Na2 Ka5 46.
Nc3 b5 47. axb5 Nxb5 48. Nxb5 Qxb5 49. Qa3+ Kb6 50. Qd6+ Qc6 1/2-1/2

[Event "DEM U14 2016"]
[Site "Willingen GER"]
[Date "2016.05.21"]
[Round "9"]
[White "Suvorov, Luca"]
[Black "Mätzkow, Maximilian Paul"]
[Result "0-1"]
[Termination "normal"]
[Board "7"]
[WhiteElo "1995"]
[BlackElo "2161"]
[WhiteClock "00:22:07"]
[BlackClock "00:42:15"]
[PlyCount "118"]
[WhiteFideId "12977071"]
[BlackFideId "24679933"]
[EventCountry "GER"]
[EventRounds "9"]
[EventType "swiss"]
[EventDate "2016.05.14"]

1. d4 Nf6 2. c4 c5 3. d5 b5 4. Qc2 Qa5+ 5. Bd2 b4 6. e4 d6 7. Bd3 Nbd7 8. f4 g6
9. Nf3 Bg7 10. O-O O-O 11. h3 Qc7 12. Be3 e6 13. Nbd2 Re8 14. Rae1 exd5 15.
exd5 Ba6 16. g4 Re7 17. Bf2 Rae8 18. Rxe7 Rxe7 19. f5 Bf8 20. g5 Nh5 21. f6 Re8
22. Re1 Qc8 23. Rxe8 Qxe8 24. Bf1 Ne5 25. Kh1 Nxf3 26. Nxf3 Nf4 27. b3 Nxd5 28.
Qd2 Nc3 29. Bg2 Bb7 30. Ne1 Bxg2+ 31. Nxg2 Qe4 32. Kh2 Qe5+ 33. Kh1 Ne4 34. Qe3
Nxf2+ 35. Qxf2 Qxg5 36. Ne3 h5 37. Nd5 Qe5 38. Qe3 Qxe3 39. Nxe3 Bh6 40. Nd5
Kf8 41. Kg2 Ke8 42. Kf3 Kd7 43. Ke4 Ke6 44. Nc7+ Kxf6 45. Nb5 Ke6 46. Nxa7 f5+
47. Kf3 g5 48. Nb5 f4 49. a4 bxa3 50. Nxa3 Kf5 51. Nb5 g4+ 52. hxg4+ hxg4+ 53.
Kf2 Bf8 54. Nc3 Bg7 55. Nd5 Bd4+ 56. Kg2 f3+ 57. Kg3 Be5+ 58. Kf2 Ke4 59. Ne7
g3+ 0-1

[Event "DEM U14 2016"]
[Site "Willingen GER"]
[Date "2016.05.21"]
[Round "9"]
[White "Stork, Oliver"]
[Black "Pajeken, Jakob Leon"]
[Result "1-0"]
[Termination "normal"]
[Board "8"]
[WhiteElo "1952"]
[BlackElo "2066"]
[WhiteClock "00:16:54"]
[BlackClock "00:45:23"]
[PlyCount "107"]
[WhiteFideId "12955728"]
[BlackFideId "12942839"]
[EventCountry "GER"]
[EventRounds "9"]
[EventType "swiss"]
[EventDate "2016.05.14"]

1. c4 e6 2. Nf3 d5 3. b3 Be7 4. Bb2 Bf6 5. Nc3 dxc4 6. bxc4 c5 7. g3 Nc6 8. Bg2
Nge7 9. O-O O-O 10. d3 b6 11. Qd2 Bb7 12. Ne4 Bxb2 13. Qxb2 Qc7 14. Nfd2 Rad8
15. Rfb1 Nd4 16. Nb3 Bxe4 17. Bxe4 Nec6 18. a4 Nxb3 19. Qxb3 Nb4 20. a5 bxa5
21. Qa4 f5 22. Bf3 Qe5 23. Qxa5 Nc2 24. Ra2 Nd4 25. Qxa7 Nxf3+ 26. exf3 Rxd3
27. Qe7 Rdd8 28. Ra7 Rde8 29. Qc7 Qxc7 30. Rxc7 Rf7 31. Rxc5 Rd7 32. f4 Ra8 33.
Rc6 Kf7 34. Re1 Ra2 35. Rcxe6 Rdd2 36. Re7+ Kf8 37. R7e5 g6 38. Rf1 Rac2 39.
Rc5 Rd4 40. Rc7 Rdxc4 41. Rxh7 Rc7 42. Rxc7 Rxc7 43. Ra1 Kf7 44. Ra6 Rc2 45.
Kg2 Kg7 46. h3 Rc4 47. Re6 Kh6 48. Kf3 Ra4 49. g4 Kg7 50. Kg3 Ra2 51. Kh4 fxg4
52. hxg4 Rxf2 53. Kg5 Kh7 54. Re7+ 1-0

[Event "DEM U14 2016"]
[Site "Willingen GER"]
[Date "2016.05.21"]
[Round "9"]
[White "Wierzbicki, Jirawat"]
[Black "Tong, Kevin"]
[Result "1/2-1/2"]
[Termination "normal"]
[Board "9"]
[WhiteElo "2071"]
[BlackElo "2037"]
[WhiteClock "00:08:15"]
[BlackClock "00:13:09"]
[PlyCount "70"]
[WhiteFideId "1153579"]
[BlackFideId "12913944"]
[EventCountry "GER"]
[EventRounds "9"]
[EventType "swiss"]
[EventDate "2016.05.14"]

1. e4 e5 2. Nf3 Nc6 3. Bc4 Nf6 4. d3 Be7 5. O-O O-O 6. Re1 d6 7. a4 Be6 8. Nbd2
Qd7 9. a5 a6 10. c3 Rfe8 11. Qb3 Rab8 12. Bxe6 Qxe6 13. Qxe6 fxe6 14. Nc4 Bf8
15. Bd2 Nd7 16. d4 exd4 17. cxd4 d5 18. exd5 exd5 19. Nce5 Ncxe5 20. Nxe5 Nf6
21. f3 Bd6 22. Rad1 Rbc8 23. b4 c6 24. Rc1 Re7 25. Nd3 Rce8 26. Rxe7 Rxe7 27.
Re1 Rxe1+ 28. Bxe1 Kf7 29. Bg3 Be7 30. Kf1 Ne8 31. Ke2 Ke6 32. Ke3 Kf5 33. Be5
h5 34. g3 Bg5+ 35. Ke2 Be7 1/2-1/2

[Event "DEM U14 2016"]
[Site "Willingen GER"]
[Date "2016.05.21"]
[Round "9"]
[White "Holinka, Henning"]
[Black "Hoffmann, Lennard"]
[Result "1-0"]
[Termination "normal"]
[Board "10"]
[WhiteElo "2011"]
[BlackElo "1867"]
[WhiteClock "00:00:46"]
[BlackClock "00:15:32"]
[PlyCount "77"]
[WhiteFideId "12967084"]
[BlackFideId "12943495"]
[EventCountry "GER"]
[EventRounds "9"]
[EventType "swiss"]
[EventDate "2016.05.14"]

1. d4 Nf6 2. Nc3 d5 3. Bf4 c5 4. e3 cxd4 5. exd4 a6 6. Nf3 Nc6 7. h3 e6 8. Be2
Be7 9. O-O O-O 10. a3 Re8 11. Ne5 Nxe5 12. Bxe5 Nd7 13. Bg3 Bf6 14. f4 Qb6 15.
Bf2 Qd6 16. Qd2 b5 17. Nd1 Bb7 18. Be3 Nb6 19. b3 Qc6 20. Nf2 Nc8 21. Nd3 Nd6
22. Nc5 Ne4 23. Nxe4 dxe4 24. c4 Rad8 25. Rfd1 Bxd4 26. cxb5 axb5 27. Bxd4 e3
28. Bxb5 Qxb5 29. Qxe3 Rd5 30. Qg3 g6 31. Qh4 Red8 32. f5 Qe2 33. fxg6 fxg6 34.
Re1 Qc2 35. Bf2 Rf8 36. Rac1 Qb2 37. Rc7 Rh5 38. Qd4 Rxf2 39. Qxf2 1-0

[Event "DEM U14 2016"]
[Site "Willingen GER"]
[Date "2016.05.21"]
[Round "9"]
[White "Pfreundt, Mathis"]
[Black "Preißler, Niklas"]
[Result "1-0"]
[Termination "normal"]
[Board "11"]
[WhiteElo "1851"]
[BlackElo "1909"]
[WhiteClock "00:10:19"]
[BlackClock "00:04:32"]
[PlyCount "79"]
[WhiteFideId "12967092"]
[BlackFideId "12927554"]
[EventCountry "GER"]
[EventRounds "9"]
[EventType "swiss"]
[EventDate "2016.05.14"]

1. e4 c5 2. Nc3 a6 3. Nge2 e6 4. d4 cxd4 5. Nxd4 b5 6. Bd3 Bb7 7. O-O Qc7 8.
Kh1 Nf6 9. f3 Be7 10. Nce2 Nc6 11. Nxc6 Bxc6 12. Nd4 Bb7 13. a4 b4 14. Nb3 O-O
15. Re1 d6 16. Qe2 Nd7 17. Be3 Bf6 18. Rab1 d5 19. exd5 Bxd5 20. Bxa6 Be5 21.
Bb5 Rfd8 22. Bg1 Bc6 23. Bxc6 Qxc6 24. a5 Bf6 25. Qe4 Qb5 26. f4 Rac8 27. Red1
Rc4 28. Qd3 Qc6 29. Qd6 Rxc2 30. Qxc6 Rxc6 31. Rd2 Kf8 32. Rbd1 Ke8 33. Nd4
Rcc8 34. Nb5 Be7 35. a6 Nc5 36. Rxd8+ Bxd8 37. Nd6+ Kd7 38. Nxc8+ Kxc8 39.
Rxd8+ Kxd8 40. a7 1-0

[Event "DEM U14 2016"]
[Site "Willingen GER"]
[Date "2016.05.21"]
[Round "9"]
[White "Stelmaszyk, Nico"]
[Black "Brunner, Jan"]
[Result "0-1"]
[Termination "normal"]
[Board "13"]
[WhiteElo "1778"]
[BlackElo "1963"]
[WhiteClock "01:16:01"]
[BlackClock "01:32:14"]
[PlyCount "54"]
[WhiteFideId "16200462"]
[BlackFideId "12981010"]
[EventCountry "GER"]
[EventRounds "9"]
[EventType "swiss"]
[EventDate "2016.05.14"]

1. e4 c5 2. c3 Qa5 3. Nf3 Nc6 4. Na3 e6 5. d4 cxd4 6. Nc4 Qc7 7. cxd4 d5 8.
exd5 exd5 9. Nce5 Nf6 10. Bb5 Qa5+ 11. Qd2 Qxb5 12. Qe3 Bb4+ 13. Bd2 O-O 14.
Nxc6 Bxd2+ 15. Nxd2 bxc6 16. O-O-O Bf5 17. f3 a5 18. Qb3 a4 19. Qc3 Rfc8 20.
Nf1 c5 21. Kd2 cxd4 22. Qxd4 Rc2+ 23. Ke3 Qe2+ 24. Kf4 Rc4 25. Kxf5 Rxd4 26.
Rxd4 Re8 27. Kf4 Qe5# 0-1

[Event "DEM U14 2016"]
[Site "Willingen GER"]
[Date "2016.05.21"]
[Round "9"]
[White "Engel, Robert"]
[Black "Biermann, Florian"]
[Result "1/2-1/2"]
[Termination "normal"]
[Board "14"]
[WhiteElo "1757"]
[BlackElo "1964"]
[WhiteClock "00:12:19"]
[BlackClock "00:27:41"]
[PlyCount "109"]
[WhiteFideId "12974684"]
[BlackFideId "12970069"]
[EventCountry "GER"]
[EventRounds "9"]
[EventType "swiss"]
[EventDate "2016.05.14"]

1. e4 c5 2. Nf3 e6 3. g3 d5 4. exd5 exd5 5. d4 Nf6 6. Bg2 Be7 7. O-O O-O 8.
dxc5 Bxc5 9. Nbd2 Nc6 10. Nb3 Be7 11. c3 Re8 12. Be3 Bg4 13. Bd4 Ne4 14. Re1
Bf6 15. Qd3 Qd6 16. Bxf6 Qxf6 17. h3 Bxf3 18. Qxf3 Qxf3 19. Bxf3 Rad8 20. Rad1
f5 21. Nd4 Ne5 22. Kg2 g6 23. Nb5 Nxf3 24. Kxf3 Re7 25. Kg2 a6 26. Nd4 Kf7 27.
Re3 Kf6 28. Nc2 Red7 29. h4 Nc5 30. Re2 f4 31. gxf4 Ne6 32. Kf3 d4 33. Rde1 Rd6
34. Nxd4 Nxd4+ 35. cxd4 R8d7 36. a3 Rxd4 37. Re6+ Kf7 38. R6e5 Rd3+ 39. R1e3
Rd2 40. b4 Ra2 41. f5 gxf5 42. Rxf5+ Kg6 43. Rf4 Kh5 44. Rf5+ Kg6 45. Rf4 Kh5
46. Re5+ Kh6 47. Rg5 Rxa3+ 48. Kg2 Rg7 49. Rf6+ Rg6 50. Rgxg6+ hxg6 51. Rb6 Rb3
52. f3 Kh5 53. Rxb7 Kxh4 54. Rb6 Kg5 55. Rxa6 1/2-1/2

[Event "DEM U14 2016"]
[Site "Willingen GER"]
[Date "2016.05.21"]
[Round "9"]
[White "Recktenwald, Cedric"]
[Black "Bui, Hai Lam"]
[Result "1-0"]
[Termination "normal"]
[Board "15"]
[WhiteElo "1563"]
[BlackElo "2025"]
[WhiteClock "00:05:00"]
[BlackClock "00:05:52"]
[PlyCount "65"]
[WhiteFideId "12971928"]
[BlackFideId "12975737"]
[EventCountry "GER"]
[EventRounds "9"]
[EventType "swiss"]
[EventDate "2016.05.14"]

1. e4 c5 2. Nf3 d6 3. Bb5+ Nc6 4. Bxc6+ bxc6 5. O-O e5 6. c3 Bg4 7. h3 Bh5 8.
d3 Be7 9. Nbd2 g5 10. Qa4 Qd7 11. d4 cxd4 12. cxd4 f6 13. Nh2 Bd8 14. Ndf3 h6
15. Rd1 Qc7 16. Be3 Ne7 17. d5 O-O 18. Rac1 Bf7 19. b4 Kh7 20. Ng4 Bh5 21. dxc6
f5 22. Ngxe5 f4 23. Nd7 Rf7 24. Bb6 Qc8 25. Bxd8 Bxf3 26. gxf3 Qxd8 27. Rxd6
Qc7 28. e5 Ng6 29. b5 Rd8 30. Qe4 Rfxd7 31. Qxg6+ Kh8 32. Rxd7 Rxd7 33. Qe8+
1-0

[Event "DEM U14 2016"]
[Site "Willingen GER"]
[Date "2016.05.21"]
[Round "9"]
[White "Rockmann, Jan-Okke"]
[Black "Lange, Jannis"]
[Result "1-0"]
[Termination "normal"]
[Board "16"]
[WhiteElo "1885"]
[BlackElo "1768"]
[PlyCount "75"]
[WhiteFideId "12942111"]
[BlackFideId "12993107"]
[EventCountry "GER"]
[EventRounds "9"]
[EventType "swiss"]
[EventDate "2016.05.14"]

1. e4 c5 2. Nf3 Nc6 3. Nc3 Nf6 4. g3 d6 5. d4 cxd4 6. Nxd4 e5 7. Nde2 Be7 8.
Bg2 Bg4 9. h3 Bh5 10. Be3 O-O 11. g4 Bg6 12. Ng3 Qa5 13. h4 h6 14. h5 Bh7 15.
f3 Nd7 16. O-O Nb6 17. Bf2 Nc4 18. Nd5 Bg5 19. b3 Na3 20. c4 Ne7 21. b4 Qa6 22.
b5 Qa5 23. Be1 Qd8 24. Qb3 Nxd5 25. cxd5 Qb6+ 26. Bf2 Qa5 27. Ne2 Bd2 28. Rfd1
Bb4 29. Bf1 Rfc8 30. Rac1 Nxb5 31. Rxc8+ Rxc8 32. Rb1 Nc3 33. Qxb4 Nxe2+ 34.
Bxe2 Qxa2 35. Qxb7 Bf5 36. exf5 Rc2 37. Bd3 Rd2 38. Qc8+ 1-0